Historia de los nombres de las calles y de las puertas de la muralla de la ciudad de Coria / (Record no. 15561)

MARC details
000 -LEADER
campo de control de longitud fija 00826nam a2200253 i 4500
001 - NÚMERO DE CONTROL
campo de control 15561
003 - IDENTIFICADOR DE NÚMERO DE CONTROL
campo de control ES-MaACL
005 - FECHA Y HORA DE LA ÚLTIMA TRANSACCIÓN
campo de control 20230906151114.0
007 - CAMPO FIJO DE DESCRIPCIÓN FÍSICA--INFORMACIÓN GENERAL
campo de control de longitud fija t|
008 - DATOS DE LONGITUD FIJA--INFORMACIÓN GENERAL
campo de control de longitud fija 000330s1999 sp ||||1| spa d
020 ## - NÚMERO INTERNACIONAL ESTÁNDAR DEL LIBRO
Número Internacional Estándar del Libro 84-923978-0-2
080 ## - NÚMERO DE LA CLASIFICACIÓN DECIMAL UNIVERSAL
Número de la Clasificación Decimal Universal 946.025.1 Coria
100 1# - ENTRADA PRINCIPAL--NOMBRE DE PERSONA
Nombre de persona Valiente Lourtau, Alejandro.
9 (RLIN) 112696
245 10 - MENCIÓN DEL TÍTULO
Título Historia de los nombres de las calles y de las puertas de la muralla de la ciudad de Coria /
Mención de responsabilidad, etc. Alejandro Valiente Lourtau.
250 ## - MENCION DE EDICION
Mención de edición 1ª ed.
260 ## - PUBLICACIÓN, DISTRIBUCIÓN, ETC.
Lugar de publicación, distribución, etc. [Coria] :
Nombre del editor, distribuidor, etc. Ayuntamiento de Coria,
Fecha de publicación, distribución, etc. 1999.
300 ## - DESCRIPCIÓN FÍSICA
Extensión 129 p. ;
Dimensiones 23 cm.
490 1# - MENCIÓN DE SERIE
Mención de serie Colección de temas caurienses ;
Designación de volumen o secuencia 2
650 #4 - PUNTO DE ACCESO ADICIONAL DE MATERIA--TÉRMINO DE MATERIA
Término de materia o nombre geográfico como elemento de entrada Calles-
Subdivisión geográfica Coria.
9 (RLIN) 172277
710 1# - ENTRADA AGREGADA--NOMBRE DE ENTIDAD CORPORATIVA
Nombre de entidad corporativa o nombre de jurisdicción como elemento de entrada Coria.
Unidad subordinada Ayuntamiento.
9 (RLIN) 3303
830 1# - PUNTO DE ACCESO ADICIONAL DE SERIE-TÍTULO UNIFORME
Título uniforme Colección de temas caurienses ;
Designación de volumen o secuencia 2
9 (RLIN) 228586
852 ## - LOCALIZACIÓN
Ubicación ES-MaACL
Número de control de estantería L-22764
Holdings
Estatus retirado Estado de pérdida Estado de daño No para préstamo Biblioteca de origen Biblioteca actual Ubicación en estantería Fecha de adquisición Fuente de adquisición Total de préstamos Signatura topográfica completa Código de barras Visto por última vez Precio de reemplazo Tipo de ítem Koha
        Biblioteca del Ateneo de Madrid Biblioteca del Ateneo de Madrid Depósito 2 17/01/2008     L-22764 1015820 23/02/2023 23/02/2023 Libro impreso